Darts Pro Tour Winners- 2024 Sudden Death - Statistics

General Stats
  • This quiz has been taken 738 times
  • The average score is 4 of 18
Answers on the Grid
Answers color-coded by a green-red scale on the quiz's grid according to % correct below.
Alan Souter
Brendan Dolan
Connor Scutt
Chris Dobey
Christian Kist
Damon Heta
Danny Noppert
Daryl Gurney
Dave Chisnall
Gary Anderson
Gerwyn Price
Jonny Clayton
Josh Rock
Luke Humphries
Luke Littler
Martin Lukeman
Michael Smith
Michael Van Gerwen
Micky Mansell
Mike De Decker
Peter Wright
Raymond Van Barneveld
Rob Cross
Ross Smith
Ryan Searle
Simon Whitlock
Steven Bunting
Wessel Nijman
 
Answer Stats
Answer % Correct
Chris Dobey
44%
Luke Littler
42%
Gary Anderson
40%
Damon Heta
35%
Luke Humphries
35%
Alan Souter
30%
Brendan Dolan
28%
Michael Van Gerwen
25%
Danny Noppert
24%
Dave Chisnall
24%
Josh Rock
22%
Jonny Clayton
17%
Ryan Searle
15%
Wessel Nijman
14%
Mike De Decker
13%
Raymond Van Barneveld
13%
Michael Smith
11%
Ross Smith
11%
No matching quizzes found
Score Distribution
Percent of People with Each Score
Percentile by Number Answered
Your Score History
You have not taken this quiz